1524 1122 1886 1140 1917 1025 1058 1243 1312 1466 1662 1842 1412 1102 1619 1456 1481 1532 1203 1646 1792 1292 1346 1990 1672 1953 1164 1345 1330 1609 1875 1091 1643 1723 1296 1967 1040 1939 1794 1045 1383 1800 1794 1125 1593 1072 1798 1824 1788 1287 1916 1173 1513 1344 1039 1773 1388 1971 1718 1304 1830 1778 1541 1068 1147 1413 1609 1020 1698 1428 1753 1160 1773 1322 1227 1801 1002 1685 1180 1872 1107 1392 1871 1838 1776 1306 1466 1669 1598 1730 1617 1883 1110 1163 1319 1619 1319 1143 1423 BCNSPRNW ULIB Ver.6.0+V

เปลี่ยนเป็นภาษาไทย

Change to English
 แสดงรายละเอียดบรรณานุกรม
  กลับหน้าหลัก

Brief Record : Get Marc (ISO 2709) : E-mail record : QR code < ปิดหน้าต่าง
LEADER : 00000nam 2200000uu 4500
001    13399108913
003     ULIB
008    110316s2547||||th 000 0 tha d
020    9789740955016
060 04 WY20.5^bบ418ร 2547
100 0  บุญใจ ศรีสถิตย์นรากูร
245 10 ระเบียบวิธีการวิจัยทางพยาบาลศาสตร์ =^bThe methodology innursing research /^cบุญใจ ศรีสถิตย์นรากูร
246 31 The methodology in nursing research
250    พิมพ์ครั้งที่ 3
260    กรุงเทพฯ :^bคณะพยาบาลศาสตร์ จุฬาลงกรณ์มหาวิทยาลัย,^c2547
300    568 หน้า :^bภาพประกอบ ;^c26 ซม.
650  7 การพยาบาล^xวิจัย^xวิธีวิทยา
650  7 การพยาบาล^xการศึกษาและการสอน
650  7 วิจัย
710 2  จุฬาลงกรณ์มหาวิทยาลัย. ^bคณะพยาบาลศาสตร์
945    ^p350^l0^i016795
945    ^p350^l0^i016794
945    ^p350^l0^i016793
995    เกษร
999 ^a ใช้งานได้ทุกระบบ
รายการนี้ยังไม่มีแท็ก
คุณยังไม่ได้ล็อกอิน คุณสามารถมีกิจกรรมร่วมกับเว็บไซต์ได้ แต่ต้องล็อกอินก่อน ::
  ล็อกอิน

รายการสื่อสารสนเทศ

ลำดับที่ ประเภท เลขเรียก/บาร์โค้ด สถานที่ สถานะ
- ไม่พบข้อมูล -

รายการใกล้เคียง
    ผู้แต่ง [บุญใจ ศรีสถิตย์นรากูร]

    หัวเรื่อง [วิจัย]

BibComment


ยังไม่เคยถูกคอมเมนท์

คอมเมนท์ทรัพยากรรายการนี้
  คอมเมนท์: ระเบียบวิธีการวิจ..


 Copyright 2026. Bcnsprnw @Library